000 00640nam a22001931i 4500
001 187172
003 SpMaBN
005 20230906222831.0
008 170427s1945 sp cf |||| | spa d
080 _a94(44)"1940/45"
100 1 _aAlonso, José Ramón.
_920217
245 1 0 _aFrancia entre dos fuegos /
_cJosé Ramón Alonso.
250 _a3ª ed.
260 _aMadrid :
_bGemas,
_c1945.
300 _a311 p., [16] p. de lám. ;
_c22 cm.
650 4 _aGuerra mundial, 1939-1945-
_zFrancia.
_9162489
651 4 _aFrancia-
_xHistoria-
_y1940-1945, Ocupación alemana.
_9139486
852 _aES-MaACL
_jL-31505
_z. - Donat. Carmen Zumárraga
999 _c187172
_d187172